Mechanics of solids and fluids (Record no. 17474)

000 -LEADER
fixed length control field 00457nam a22001817a 4500
001 - CONTROL NUMBER
control field 17474
003 - CONTROL NUMBER IDENTIFIER
control field BD-DhUET
008 - FIXED-LENGTH DATA ELEMENTS--GENERAL INFORMATION
fixed length control field 150324b xxu||||| |||| 00| 0 eng d
040 ## - CATALOGING SOURCE
Transcribing agency 0
Modifying agency BD-DhUET
082 ## - DEWEY DECIMAL CLASSIFICATION NUMBER
Classification number 620.1
Item number LON/1961
100 ## - MAIN ENTRY--PERSONAL NAME
Personal name Long, Robert R.
245 ## - TITLE STATEMENT
Title Mechanics of solids and fluids
250 ## - EDITION STATEMENT
Edition statement 1st ed.
260 ## - PUBLICATION, DISTRIBUTION, ETC. (IMPRINT)
Place of publication, distribution, etc. New Delhi
Name of publisher, distributor, etc. Prentice-Hall International
Date of publication, distribution, etc. 1961
300 ## - PHYSICAL DESCRIPTION
Extent x, 156 p.
Other physical details ill.
650 #0 - SUBJECT ADDED ENTRY--TOPICAL TERM
Topical term or geographic name as entry element Applied mechanics
942 ## - ADDED ENTRY ELEMENTS (KOHA)
Koha item type General Book
Holdings
Price effective from Lost status Not for loan Copy number Koha normalized classification for sorting Date acquired Sublocation or collection (holding branch) Shelving location Damaged status Source of classification or shelving scheme Piece designation (barcode) Koha item type Koha full call number Koha date last seen Withdrawn status Location (home branch)
2015-03-24  1620_100000000000000_LON_19612015-03-24Central Library, BUETCirculation section  20545General Book620.1/LON/19612015-03-24 Central Library, BUET
2015-03-24  2620_100000000000000_LON_19612015-03-24Central Library, BUETCirculation section  7184General Book620.1/LON/19612015-03-24 Central Library, BUET
2015-03-24  3620_100000000000000_LON_19612015-03-24Central Library, BUETCirculation section  20026General Book620.1/LON/19612015-03-24 Central Library, BUET
2015-07-26  4620_100000000000000_LON_19612015-07-26Central Library, BUETCirculation section  5734General Book620.1/LON/19612015-07-26 Central Library, BUET